Principles of Paleontology (Record no. 16536)
[ view plain ]
| 000 -LEADER | |
|---|---|
| fixed length control field | 00369nam a22001577a 4500 |
| 003 - CONTROL NUMBER IDENTIFIER | |
| control field | OSt |
| 005 - DATE AND TIME OF LATEST TRANSACTION | |
| control field | 20170105103444.0 |
| 008 - FIXED-LENGTH DATA ELEMENTS--GENERAL INFORMATION | |
| fixed length control field | 120507t xxu||||| |||| 00| 0 eng d |
| 020 ## - INTERNATIONAL STANDARD BOOK NUMBER | |
| International Standard Book Number | 0716700220 |
| 040 ## - CATALOGING SOURCE | |
| Transcribing agency | ASAB |
| 100 ## - MAIN ENTRY--PERSONAL NAME | |
| Personal name | David M. Raup |
| 9 (RLIN) | 266 |
| 245 ## - TITLE STATEMENT | |
| Title | Principles of Paleontology |
| 300 ## - PHYSICAL DESCRIPTION | |
| Extent | 481 |
| 650 ## - SUBJECT ADDED ENTRY--TOPICAL TERM | |
| Topical term or geographic name entry element | Principles of Paleontology |
| 9 (RLIN) | 267 |
| 942 ## - ADDED ENTRY ELEMENTS (KOHA) | |
| Source of classification or shelving scheme | |
| Koha item type | Book |
| Withdrawn status | Lost status | Source of classification or shelving scheme | Damaged status | Not for loan | Permanent Location | Current Location | Date acquired | Total Checkouts | Full call number | Barcode | Date last seen | Price effective from | Koha item type |
|---|---|---|---|---|---|---|---|---|---|---|---|---|---|
| Atta-ur-Rahman School of Applied Biosciences (ASAB) | Atta-ur-Rahman School of Applied Biosciences (ASAB) | 05/07/2012 | 560.1,RAU | ASAB90 | 05/07/2012 | 05/07/2012 | Book | ||||||
| Central Library (CL) | Central Library (CL) | 05/07/2012 | 560.1, RAU | ASAB89 | 05/07/2012 | 05/07/2012 | Book |
